• 首页
  • 本馆介绍
  • 公告通知
  • 最新文献
  • 馆藏检索
  • 电子资源
  • 读者导购
  • 参考咨询
  • 我的图书馆
  • 登录
  • 详细信息显示
  • 放入我的书架
  • 预约/预借图书
  • 作者相关作品
  • 分类相关作品
  • 丛书相关作品
  • 出版社相关作品

书目信息

  • 表格格式
  • 工作单格式
  • 卡片格式
题名:
中原音韵表稿
    
 
作者: 宁继福 著
分册:  
出版信息: 长春   吉林文史出版社  1985
页数: 355页
开本: 26cm
丛书名:
单 册:
中图分类: H114.2
科图分类:
主题词: 《中原音韵》
电子资源:
ISBN:
000 00588nam0 2200217 45
001 0185012645
005 20050105111856.2
010    @dCNY8.50@b精装
100    @a19951030d1985 em y0chiy0121 ea
101 0  @achi
102    @aCN@b220000
105    @ay z 000yy
200 10 @a中原音韵表稿@Azhong yuan yin yun biao gao@f宁继福著@FNing Ji Fu Zhu
210    @a长春@c吉林文史出版社@d1985
215    @a355页@d26cm
606    @a《中原音韵》
690    @aH114.2@v3
701  0 @a宁继福@4著
801  0 @aCN@b深圳图书馆@c20050105
801  2 @aCN@bNLC@c20050105
905    @f1@b155587@dH114.2@e33
    
    中原音韵表稿/宁继福著.-长春:吉林文史出版社,1985
    355页;26cm
    
    
    ISBN (精装):CNY8.50
    
●
相关链接 在E读中查询图书 在五车中查询图书 在当当中查询图书 在豆瓣中查询图书


正题名:中原音韵表稿     索取号:H114.2/33         预约/预借

序号 登录号 条形码 馆藏地/架位号 状态 备注
1 0155586   001561704   工具书阅览室/ [索取号:H114.2/33] 在馆    
2 0155587   001964770   第四借阅区/ [索取号:H114.2/33] 在馆    
3 0155588   202078170   第二样本阅览室/ [索取号:H114.2/33] 在馆    
唐山师范学院图书馆 欢迎您!
大连网信软件有限公司© 版权所有